Central Library OPAC University of Rajshahi

Choristers' cake / (Record no. 83322)

MARC details
000 -LEADER
fixed length control field 00573nam a2200205 a 4500
001 - CONTROL NUMBER
control field 83322
003 - CONTROL NUMBER IDENTIFIER
rucl marc code BD-RjUL
005 - DATE AND TIME OF LATEST TRANSACTION
control field 20240312122023.0
008 - FIXED-LENGTH DATA ELEMENTS--GENERAL INFORMATION
fixed length control field 240312s1960 enk||||| |||| 00| 0 eng d
035 ## - SYSTEM CONTROL NUMBER
System control number (BD-RjUL)83322
040 ## - CATALOGING SOURCE
Original cataloging agency BD-RjUL
Language of cataloging eng
Transcribing agency BD-RjUL
041 ## - LANGUAGE CODE
Language code of text/sound track or separate title eng
082 ## - DEWEY DECIMAL CLASSIFICATION NUMBER
Edition number 23
Classification number 823.9
Author mark and year MAC 1960
100 ## - MAIN ENTRY--PERSONAL NAME
Personal name Mayne, William
9 (RLIN) 12248
245 ## - TITLE STATEMENT
Title Choristers' cake /
Statement of responsibility, etc. William Mayne
260 ## - PUBLICATION, DISTRIBUTION, ETC. (IMPRINT)
Place of publication, distribution, etc. London :
Name of publisher, distributor, etc. Oxford University Press,
Date of publication, distribution, etc. 1956, [reprinted 1960 ]
300 ## - PHYSICAL DESCRIPTION
Pagination 159 p.;
Size 22 cm.
650 ## - SUBJECT ADDED ENTRY--TOPICAL TERM
Topical term or geographic name as entry element English literature
Form subdivision Fiction
9 (RLIN) 2621
942 ## - ADDED ENTRY ELEMENTS (KOHA)
Source of classification or shelving scheme Dewey Decimal Classification
Koha item type Books
Holdings
Lost status Source of classification or shelving scheme Damaged status Not for loan Collection code Permanent Location Current Location Shelving location Date acquired Source of acquisition Cost, normal purchase price Total Checkouts Full call number Date last seen Copy number Koha item type
  Dewey Decimal Classification   Not For Loan Fiction Central Library, University of Rajshahi Central Library, University of Rajshahi Reading Room 18/07/1970 Swets & Zeitlinger 12.60   823.9 MAC 1960 12/03/2024 C-1 Books